Statistics for 2015 Formula 1 poles and podiums

Click here to take the quiz!

General Stats

  • This quiz has been taken 123 times
  • The average score is 53 of 76

Answer Stats

Grand PrixPole position% Correct
Australian Grand PrixLewis Hamilton
98%
Malaysian Grand PrixLewis Hamilton
94%
Chinese Grand PrixLewis Hamilton
94%
Bahrain Grand PrixLewis Hamilton
93%
Lewis Hamilton
93%
Spanish Grand PrixNico Rosberg
93%
Monaco Grand PrixLewis Hamilton
92%
Austrian Grand PrixLewis Hamilton
90%
British Grand PrixLewis Hamilton
90%
Hungarian Grand PrixLewis Hamilton
90%
Canadian Grand PrixLewis Hamilton
90%
Belgian Grand PrixLewis Hamilton
89%
Japanese Grand PrixNico Rosberg
89%
Russian Grand PrixNico Rosberg
89%
United States Grand PrixNico Rosberg
89%
Italian Grand PrixLewis Hamilton
88%
Mexican Grand PrixNico Rosberg
88%
Brazilian Grand PrixNico Rosberg
88%
Abu Dhabi Grand PrixNico Rosberg
88%
Sebastian Vettel
88%
Singapore Grand PrixSebastian Vettel
88%
Lewis Hamilton
86%
Lewis Hamilton
86%
Nico Rosberg
84%
Nico Rosberg
83%
Lewis Hamilton
82%
Lewis Hamilton
81%
Lewis Hamilton
81%
Nico Rosberg
81%
Lewis Hamilton
80%
Lewis Hamilton
80%
Lewis Hamilton
80%
Lewis Hamilton
80%
Nico Rosberg
80%
Nico Rosberg
80%
Nico Rosberg
80%
Sebastian Vettel
80%
Sebastian Vettel
78%
Nico Rosberg
77%
Nico Rosberg
77%
Lewis Hamilton
76%
Nico Rosberg
75%
Lewis Hamilton
73%
Nico Rosberg
73%
Lewis Hamilton
72%
Sebastian Vettel
72%
Nico Rosberg
71%
Nico Rosberg
67%
Nico Rosberg
66%
Sebastian Vettel
66%
Kimi Räikkönen
65%
Lewis Hamilton
63%
Lewis Hamilton
63%
Sebastian Vettel
63%
Lewis Hamilton
61%
Sebastian Vettel
60%
Sebastian Vettel
60%
Lewis Hamilton
59%
Nico Rosberg
58%
Sebastian Vettel
58%
Nico Rosberg
57%
Sebastian Vettel
51%
Daniil Kvyat
49%
Daniel Ricciardo
48%
Daniel Ricciardo
40%
Sebastian Vettel
40%
Sebastian Vettel
40%
Sebastian Vettel
37%
Valtteri Bottas
36%
Felipe Massa
31%
Kimi Räikkönen
31%
Kimi Räikkönen
29%
Felipe Massa
27%
Valtteri Bottas
24%
Sergio Pérez
22%
Romain Grosjean
20%

Score Distribution

Percentile by Number Answered

Percent of People with Each Score

Your Score History

You have not taken this quiz